| 000 | 00452cam a2200181ua 4500 | ||
|---|---|---|---|
| 020 | _c1.25 | ||
| 041 |
_ahin _h |
||
| 082 |
_a891.54 _bKAK/KU |
||
| 100 | _aKakasaheb, Kalelkar. | ||
| 245 |
_aKusumbahan Desai ke nam / _cKakasaheb Kalelkar. _hTextual Documents |
||
| 250 |
_a1 / _b. |
||
| 260 |
_aAhmadabad : _bNavajivan publishing house , _c1959. |
||
| 300 | _a108 ; . | ||
| 365 | _a1.25 | ||
| 504 | _a | ||
| 942 | _cBK | ||
| 999 |
_c8093 _d8093 |
||